| 000 | 00442nam a2200181Ia 4500 | ||
|---|---|---|---|
| 001 | 977 | ||
| 005 | 20260306140558.0 | ||
| 008 | 260306t1990||||xx |||||||||||||| ||spa|| | ||
| 041 | _aESP | ||
| 082 |
_a180 _bF81 T. 1 |
||
| 100 |
_aFraile, Guillermo _eAUT |
||
| 245 | 0 |
_aHistoria de la filosofía I: _bGrecia y Roma |
|
| 260 | _c1990 | ||
| 300 |
_axviii, 852 páginas : _c20 cm. |
||
| 650 | _aGEN | ||
| 654 | _aCHU | ||
| 942 |
_cLIB _dJUS _fJUS _2ddc _n |
||
| 999 |
_c977 _d977 |
||